| 000 | 01077 a2200241 4500 | ||
|---|---|---|---|
| 001 | 49825 | ||
| 005 | 20260407155759.0 | ||
| 008 | 260407a2002 arg spa d | ||
| 003 | AR-UNSa-BCEJYS | ||
| 040 |
_aAR-UNSa-BCEJYS _bspa _cAR-UNSa-BCEJYS |
||
| 080 |
_a512 _xAlgebra |
||
| 245 | 1 | 0 | _aMatemáticas para administración y economía |
| 020 | _a970-686-120-3 | ||
| 250 | _a2a. ed. | ||
| 264 | 1 |
_aMéxico : _bInternational Thomson Editores _c2002 |
|
| 300 |
_axii, 992 p. _c26 cm. |
||
| 505 | _a1. Fundamentos de álgebra – 2. Funciones y sus gráficas – 3. Funciones exponenciales y logarítmicas – 4. Matemáticas financieras – 5. Sistemas de ecuaciones lineales y matrices – 6. Programación lineal – 7. Conjuntos y probabilidades – 8. Derivada – 9. Aplicaciones de la derivada – 10. Integración – 11. Cálculo multivariable. | ||
| 041 | _aspa | ||
| 942 | _cBK | ||
| 590 | _aniveau_biblio:m niveau_hierar:0 | ||
| 100 | 1 | _aTan, Soo Tang | |
| 856 | 4 | 1 |
_uhttps://www.biblioeco.unsa.edu.ar/pmb/images/libros/L128203.jpg _yImagen de portada _qimage/jpeg |
| 999 |
_c4896 _d4896 |
||